| 000 | 01150cam a2200289 4500 | ||
|---|---|---|---|
| 001 | ABS63668 | ||
| 008 | 000000n2001 000 0 eng u | ||
| 035 | _a(Sirsi) u111839 | ||
| 100 | _aCreasey, S. | ||
| 245 | _aScience friction | ||
| 260 | _c2001 | ||
| 490 |
_aProperty Week _v66(11) 16 March 2001, 56-74(8) |
||
| 520 | _aA special report on business and science parks. Notes that many of these play host to biotechnology companies that are involved with animal experimentation. This makes them a target for animal rights groups and threatens to give them a bad press. Considers the threat this situation poses to the property industry. Also looks at the potential development of business parks on the Continent. | ||
| 590 | _aABS | ||
| 650 | _aBUSINESS PARKS | ||
| 650 | _aSCIENCE PARKS | ||
| 650 | _aANIMAL RIGHTS | ||
| 650 | _aRESEARCH AND DEVELOPMENT | ||
| 650 | _aEUROPE | ||
| 650 | _aBIOTECHNOLOGY INDUSTRY | ||
| 650 | _aHIGH TECHNOLOGY INDUSTRY | ||
| 650 | _aBUSINESS PARK MARKET | ||
| 690 | _aPROPERTY-COMMERCIAL PROPERTY-COMMERCIAL PROPERTY MARKET | ||
| 700 | _aEade, C. | ||
| 700 | _aWatson, S. | ||
| 942 | _n0 | ||
| 999 |
_c66646 _d66646 |
||